| 000 | 01038cab a2200253 4500 | ||
|---|---|---|---|
| 001 | WB2818-32 | ||
| 008 | 090401t1992 xxu||||| |||| 00| 0 eng d | ||
| 035 | _a(Sirsi) u719 | ||
| 041 | _aeng | ||
| 245 | _aGreen belt development | ||
| 260 | _c1992 | ||
| 350 | _a0 | ||
| 490 |
_aEstates Gazette Case Summaries _v1992 EGCS 60(1) (25/4/92) |
||
| 520 | _aIn "Brill and another v SoS for Environment and another" QBD 9 April 1992, the Inspector`s refusal to grant planning permission for the continued use of a farm shop for the sale of home-produced and imported produce in the Green belt on the grounds that the sale of imported agricultural produce beyond the de minimis level constituted a material change of use to a general retail unit within Class A was upheld. | ||
| 650 | _aFARM SHOPS | ||
| 650 | _aGREEN BELT | ||
| 650 | _aIMPORTED PRODUCE | ||
| 650 | _aMATERIAL CHANGE OF USE | ||
| 650 | _aPLANNING PERMISSION | ||
| 650 | _aREFUSAL | ||
| 690 | _aPLANNING LAW AND PRACTICE-CASE LAW | ||
| 942 | _n0 | ||
| 948 | _c04/03/1997 | ||
| 999 |
_c376 _d376 |
||